Giovanni Paolo II Papa Wojtyla da Cracovia a Roma Parte 1

Сохранить в:
Библиографические подробности
Главный автор: J zef Sxczyopka
Формат:
Язык:неизвестный язык
Опубликовано: Edizione Gidiemme-Milano
Метки: Добавить метку
Нет меток, Требуется 1-ая метка записи!

MARC

LEADER 00000nam a2200000Ia 4500
001 R-6
003 CODICE-MESSINA
005 20260212102445.0
008 260211s9999 xx 000 0 und d
040 |c importazione_messina 
100 |a J zef Sxczyopka 
245 0 |a Giovanni Paolo II 
245 0 |b Papa Wojtyla da Cracovia a Roma Parte 1 
260 |b Edizione Gidiemme-Milano 
942 |2 ddc  |c BK 
952 |0 0  |1 0  |2 ddc  |4 0  |6 SCAFFALE_1_000000000000000__RELIGIONE  |7 0  |9 30817  |a ME  |b ME  |d 2026-02-11  |l 0  |o SCAFFALE 1 - RELIGIONE  |p R-6  |r 2026-02-11 23:52:09  |w 2026-02-11  |x [REVISIONARE]  |y BK 
999 |c 26484  |d 26484